[Event "Let's Play Chess!"]
[Site "http://www.queenalice.com/game.php?id=978654"]
[Date "2011.8.30"]
[Round "-"]
[White "Kirita"]
[Black "doendeazul"]
[Result "0-1"]
[WhiteElo "1696"]
[BlackElo "1714"]

1. e4 e5 2. Nf3 Nc6 3. Bb5 a6 4. Bxc6 dxc6 5. Nxe5 Qd4 6. Nf3 Qxe4+ 7. Qe2 Bf5
8. d3 Qxe2+ 9. Kxe2 O-O-O 10. Ne5 Re8 11. Bf4 f6 12. d4 fxe5 13. Bxe5 Bxc2 14.
Nc3 Bg6 15. f4 Nf6 16. h3 Nd7 17. Kf3 Nxe5+ 18. dxe5 Bc5 19. Rad1 Rd8 20. g4
Rxd1 21. Rxd1 Rd8 22. Re1 Rd3+ 23. Kg2 Rd2+ 24. Kg3 Bf2+ 25. Kf3 Bxe1 26. f5 Be8
27. f6 gxf6 28. e6 Rxb2 29. Ne4 Rxa2 30. e7 Ra3+ 31. Ke2 Bh4 32. Nc5 Rxh3 33.
Ne6 b5 34. Ng7 Kd7 35. Nf5 a5 36. Nxh4 Rxh4 37. Kf3 Rh3+ 38. Kf4 a4 39. Kf5 Kxe7
40. g5 fxg5 41. Kxg5 a3 0-1

[Event "Let's Play Chess!"]
[Site "http://www.queenalice.com/game.php?id=978656"]
[Date "2011.8.30"]
[Round "-"]
[White "Publio"]
[Black "doendeazul"]
[Result "0-1"]
[WhiteElo "1733"]
[BlackElo "1819"]

1. e4 d6 2. d4 g6 3. Bc4 c6 4. Bf4 Bg7 5. c3 Nf6 6. Nd2 O-O 7. Ngf3 d5 8. Bd3
dxe4 9. Bxe4 Nxe4 10. Nxe4 Nd7 11. O-O Nf6 12. Nxf6+ exf6 13. Nd2 Qd7 14. Be3 b6
15. f4 Ba6 16. c4 f5 17. b3 Bxd4 18. Bxd4 Qxd4+ 19. Kh1 Rad8 20. Nf3 Qxf4 21.
Qc1 Qxc1 22. Raxc1 c5 23. Ne5 Bb7 24. Rcd1 Rxd1 25. Rxd1 Re8 26. Nd7 Re2 27.
Nf6+ Kg7 28. Nd5 Rxa2 29. h4 Rb2 30. Nf4 Rxb3 31. Rd7 Ba6 32. Ne6+ Kf6 33. Ng5
Bxc4 34. Rxa7 h6 35. Nf3 Bd5 36. Rd7 Bxf3 37. gxf3 Ke5 38. Rxf7 Rxf3 39. Kg2 Rf4
40. Kg3 Rg4+ 41. Kh3 h5 42. Re7+ Kd6 43. Re2 b5 44. Rd2+ Ke5 45. Re2+ Kd4 46.
Rd2+ Kc3 47. Re2 b4 48. Re3+ Kd4 49. Re1 c4 50. Rd1+ Kc5 51. Rd7 b3 52. Rc7+ Kb4
53. Rb7+ Kc3 54. Re7 b2 55. Re3+ Kc2 56. Re2+ Kb3 57. Re3+ c3 58. Re5 b1=Q 59.
Rb5+ Kc2 60. Rxb1 Kxb1 0-1

[Event "Let's Play Chess!"]
[Site "http://www.queenalice.com/game.php?id=980509"]
[Date "2011.9.3"]
[Round "-"]
[White "LORD_SAMAEL"]
[Black "doendeazul"]
[Result "0-1"]
[WhiteElo "1646"]
[BlackElo "1780"]

1. e4 c5 2. Nc3 e6 3. Nf3 a6 4. d4 cxd4 5. Nxd4 d6 6. Qf3 Be7 7. Bd3 Nf6 8. O-O
Qc7 9. Bg5 Nbd7 10. Rfe1 O-O 11. Qg3 Kh8 12. Qh3 Ne5 13. Be2 b5 14. f4 Nc4 15.
Qg3 Qc5 16. Qf2 Nxb2 17. e5 dxe5 18. fxe5 Nd5 19. Bxe7 Nxe7 20. Bf3 Rb8 21. Ne4
Qxe5 22. Rab1 Nc4 23. Rbd1 Bb7 24. Qh4 Ng6 25. Qh3 Rbd8 26. c3 Bxe4 27. Bxe4 Qg5
28. Nf3 Qc5+ 29. Kh1 f5 30. Ng5 h6 31. Nxe6 Qf2 32. Nxd8 fxe4 33. Ne6 Rf6 34.
Ng5 e3 35. Ne4 Qf5 36. Nxf6 Qxf6 37. Qc8+ Kh7 38. Rc1 Nf4 39. g3 Nd3 40. Rf1
Nf2+ 41. Kg2 Nd2 42. Rh1 Qf3+ 0-1

[Event "Let's Play Chess!"]
[Site "http://www.queenalice.com/game.php?id=980511"]
[Date "2011.9.3"]
[Round "-"]
[White "jijivisha"]
[Black "doendeazul"]
[Result "0-1"]
[WhiteElo "1683"]
[BlackElo "1699"]

1. d4 Nf6 2. Nc3 g6 3. Nf3 Bg7 4. e4 d6 5. e5 dxe5 6. Nxe5 O-O 7. d5 Nbd7 8. Bf4
Nb6 9. Bc4 Nxc4 10. Nxc4 Bg4 11. f3 Bf5 12. O-O Nh5 13. Ne2 Nxf4 14. Nxf4 b5 0-1

[Event "Let's Play Chess!"]
[Site "http://www.queenalice.com/game.php?id=980513"]
[Date "2011.9.3"]
[Round "-"]
[White "merdanata"]
[Black "doendeazul"]
[Result "0-1"]
[WhiteElo "1814"]
[BlackElo "1791"]

1. e4 c5 2. Bc4 e6 3. Nc3 a6 4. Nf3 b5 5. Be2 Bb7 6. d3 Be7 7. Be3 d5 8. exd5
exd5 9. Bf4 Nd7 10. O-O Ngf6 11. a3 O-O 12. Qd2 Qb6 13. Rfe1 Rfe8 14. Bg5 h6 15.
Bf4 d4 16. Nb1 Bd6 17. Qc1 Bxf3 18. gxf3 Bxf4 19. Qxf4 Nd5 20. Qd2 Qg6+ 21. Kh1
Re5 22. Rg1 Qe6 23. Bf1 Re8 24. c4 bxc4 25. dxc4 N5b6 26. b3 Re1 27. Qc2 Qf6 28.
Bg2 Rxg1+ 29. Kxg1 d3 30. Qc3 d2 31. Qxd2 Qxa1 32. Qd1 Qb2 33. Kf1 a5 34. Bh3 a4
35. bxa4 Rb8 36. Nd2 Qxa3 37. Ne4 Ne5 38. Qd6 Qd3+ 39. Qxd3 Nxd3 40. a5 Nxc4 41.
Ke2 Nf4+ 42. Ke1 Rb1# 0-1

[Event "Let's Play Chess!"]
[Site "http://www.queenalice.com/game.php?id=980514"]
[Date "2011.9.3"]
[Round "-"]
[White "Rayaniinha"]
[Black "doendeazul"]
[Result "0-1"]
[WhiteElo "1285"]
[BlackElo "1512"]

1. e4 c5 2. c4 e6 3. Nf3 Nc6 4. Nc3 Be7 5. d4 cxd4 6. Nxd4 d6 7. Nxc6 bxc6 8.
Be2 Nf6 9. Bg5 O-O 10. Bxf6 Bxf6 11. Qd2 Qa5 12. O-O d5 13. exd5 cxd5 14. cxd5
exd5 15. Nxd5 Qxd2 16. Nb6 axb6 0-1

[Event "Let's Play Chess!"]
[Site "http://www.queenalice.com/game.php?id=980515"]
[Date "2011.9.3"]
[Round "-"]
[White "linoumberto"]
[Black "doendeazul"]
[Result "0-1"]
[WhiteElo "1383"]
[BlackElo "1778"]

1. e4 c5 2. d4 cxd4 3. Qxd4 Nc6 4. Qc4 e6 5. Nf3 Nf6 6. Bd3 Be7 7. e5 Nxe5 8.
Nxe5 Qa5+ 9. c3 Qxe5+ 10. Be3 O-O 11. Nd2 d5 12. Qh4 Qh5 13. Qxh5 Nxh5 14. O-O-O
Bd7 15. Rhe1 b5 16. g4 Nf6 17. f3 a5 18. b3 Rfc8 19. c4 bxc4 20. bxc4 dxc4 21.
Nxc4 Bb5 22. Kb1 Bxc4 23. Bxc4 Rxc4 24. g5 Rb8+ 25. Ka1 Nd5 26. Rb1 Rxb1+ 27.
Rxb1 Nxe3 28. Rb8+ Bf8 29. Ra8 Rc2 30. Rxa5 Nc4 31. Rc5 Rc1# 0-1

[Event "Let's Play Chess!"]
[Site "http://www.queenalice.com/game.php?id=980517"]
[Date "2011.9.3"]
[Round "-"]
[White "homoerectus"]
[Black "doendeazul"]
[Result "1-0"]
[WhiteElo "1685"]
[BlackElo "1832"]

1. e4 c5 2. e5 Nc6 3. Nf3 Qc7 4. Qe2 g6 5. b3 Bg7 6. Bb2 Nh6 7. h3 O-O 8. Na3
Qb8 9. Nc4 b5 10. Na3 a6 11. g4 d6 12. d4 cxd4 13. Bg2 dxe5 14. Nxe5 Nxe5 15.
Bxd4 Bb7 16. Bxb7 Qxb7 17. O-O-O Qc7 18. f4 Nc6 19. Bxg7 Qxf4+ 20. Kb1 Kxg7 21.
Rhf1 Qb4 22. Kb2 Rac8 23. c3 Qc5 24. Rc1 Qe5 25. Qg2 b4 26. Nc4 bxc3+ 27. Rxc3
Qd4 28. Rf3 Ne5 29. Nxe5 Qxe5 30. Re3 Qb8 31. Rxe7 Rxc3 32. Kxc3 Rc8+ 33. Kb2
Qd6 34. Re4 Qf6+ 35. Ka3 Qa1 36. Qd2 Ng8 37. g5 Qc1+ 38. Qxc1 Rxc1 39. Ka4 Rc6
40. b4 h6 41. h4 f6 42. b5 axb5+ 43. Kxb5 Rc7 44. Kb6 Re7 45. gxh6+ Nxh6 46.
Rxe7+ Kf8 47. Re2 Nf5 48. a4 Nxh4 49. a5 Nf5 50. a6 Nd6 51. Re6 1-0

[Event "Let's Play Chess!"]
[Site "http://www.queenalice.com/game.php?id=980518"]
[Date "2011.9.3"]
[Round "-"]
[White "ettorekasparov"]
[Black "doendeazul"]
[Result "0-1"]
[WhiteElo "1497"]
[BlackElo "1496"]

1. h4 e5 2. Rh3 d5 3. e4 Bxh3 4. Nxh3 dxe4 5. Qe2 Nf6 6. d4 exd4 7. Bg5 Bb4+ 8.
Bd2 Qe7 9. Qb5+ Nc6 10. Qxb7 Bxd2+ 11. Nxd2 O-O 12. Qxc6 e3 13. fxe3 dxe3 14.
Kd1 Rad8 15. Bd3 exd2 16. Qc3 Qe1# 0-1

[Event "Let's Play Chess!"]
[Site "http://www.queenalice.com/game.php?id=980519"]
[Date "2011.9.3"]
[Round "-"]
[White "feliz70"]
[Black "doendeazul"]
[Result "1-0"]
[WhiteElo "2417"]
[BlackElo "1678"]

1. d4 Nf6 2. c4 g6 3. g3 d5 4. Bg2 Bg7 5. cxd5 Nxd5 6. e4 Nb6 7. Ne2 c5 8. d5
O-O 9. O-O e6 10. Nbc3 exd5 11. exd5 Na6 12. d6 Nc4 13. d7 Qxd7 14. Qxd7 Bxd7
15. Bxb7 Nb4 16. Bxa8 Rxa8 17. b3 Ne5 18. f4 Ned3 19. Ba3 Nc2 20. Rad1 Bf5 21.
g4 Bxg4 22. Rxd3 Nxa3 23. Rc1 Re8 24. Kf2 Bf6 25. Re3 Rd8 26. Ne4 Bh4+ 27. Kg2
f5 28. Nf2 Bh5 29. Ng3 Rd2 30. Rxc5 Nc2 31. Rc8+ Kf7 32. Rc7+ Kf8 33. Rec3 Ne1+
34. Kf1 Nf3 35. Rxh7 Nxh2+ 36. Ke1 Rd8 37. Nxh5 Re8+ 38. Kd1 Bxf2 39. Rcc7 Bd4
40. Rhf7+ Kg8 41. Nf6+ 1-0

[Event "Let's Play Chess!"]
[Site "http://www.queenalice.com/game.php?id=980520"]
[Date "2011.9.3"]
[Round "-"]
[White "feliz70"]
[Black "doendeazul"]
[Result "1-0"]
[WhiteElo "2415"]
[BlackElo "1498"]

1. d4 Nf6 2. c4 g6 3. g3 Bg7 4. Nc3 d5 5. cxd5 Nxd5 6. Bg2 Nxc3 7. bxc3 O-O 8.
Nf3 c5 9. O-O Qa5 10. Qb3 Nc6 11. e3 Qc7 12. Ba3 Be6 13. Qb2 cxd4 14. cxd4 Bd5
15. Rab1 b6 16. Qc2 Rac8 17. e4 Be6 18. d5 Ne5 19. Qxc7 Nxf3+ 20. Bxf3 Rxc7 21.
dxe6 Rc3 22. Rb3 1-0

[Event "Let's Play Chess!"]
[Site "http://www.queenalice.com/game.php?id=981250"]
[Date "2011.9.5"]
[Round "-"]
[White "Abstro"]
[Black "doendeazul"]
[Result "0-1"]
[WhiteElo "1843"]
[BlackElo "1630"]

1. d4 Nf6 2. c4 g6 3. Nc3 d5 4. e3 Bg7 5. Nf3 O-O 6. Bd3 c5 7. O-O cxd4 8. Nxd4
e5 9. Nc2 dxc4 10. Bxc4 Qc7 11. Bb3 Rd8 12. Qe2 a6 0-1

[Event "Let's Play Chess!"]
[Site "http://www.queenalice.com/game.php?id=981251"]
[Date "2011.9.5"]
[Round "-"]
[White "Abstro"]
[Black "doendeazul"]
[Result "0-1"]
[WhiteElo "1818"]
[BlackElo "1655"]

1. d4 g6 2. e4 d6 3. Bc4 Nf6 4. Nc3 Bg7 5. Nge2 O-O 6. O-O Nxe4 7. Bxf7+ Rxf7 8.
Nxe4 e6 9. c3 Nc6 10. Be3 Bd7 0-1

[Event "Let's Play Chess!"]
[Site "http://www.queenalice.com/game.php?id=981252"]
[Date "2011.9.5"]
[Round "-"]
[White "Abstro"]
[Black "doendeazul"]
[Result "0-1"]
[WhiteElo "1899"]
[BlackElo "1574"]

1. d4 Nf6 2. c4 e6 3. Nc3 Bb4 4. Bd2 O-O 5. e3 d5 6. cxd5 exd5 7. Qb3 a5 8. Bd3
Nc6 9. Nge2 b6 10. O-O a4 11. Qc2 Bd7 0-1

[Event "Let's Play Chess!"]
[Site "http://www.queenalice.com/game.php?id=981253"]
[Date "2011.9.5"]
[Round "-"]
[White "Abstro"]
[Black "doendeazul"]
[Result "0-1"]
[WhiteElo "1929"]
[BlackElo "1544"]

1. d4 d5 2. c4 dxc4 3. e4 Nc6 4. d5 Ne5 5. Qd4 Nd3+ 6. Bxd3 cxd3 7. Qxd3 c6 8.
Nc3 Nf6 9. Nge2 e6 10. Bg5 Be7 11. O-O exd5 0-1

[Event "Let's Play Chess!"]
[Site "http://www.queenalice.com/game.php?id=981254"]
[Date "2011.9.5"]
[Round "-"]
[White "Abstro"]
[Black "doendeazul"]
[Result "0-1"]
[WhiteElo "1870"]
[BlackElo "1603"]

1. d4 Nf6 2. c4 g6 3. Nc3 d5 4. e3 Bg7 5. Bd3 O-O 6. Nge2 dxc4 7. Bxc4 Nbd7 8.
O-O b6 9. e4 Bb7 10. e5 Ne8 11. Bf4 c5 0-1

[Event "Let's Play Chess!"]
[Site "http://www.queenalice.com/game.php?id=981255"]
[Date "2011.9.5"]
[Round "-"]
[White "Andromaca"]
[Black "doendeazul"]
[Result "0-1"]
[WhiteElo "1832"]
[BlackElo "1759"]

1. d4 Nf6 2. d5 g6 3. f3 Bg7 4. e4 O-O 5. Bd3 e6 6. c4 exd5 7. cxd5 Re8 8. Nc3
c6 9. d6 Bf8 10. Bf4 Nh5 11. Be5 Qg5 12. Bg3 Nxg3 13. Nh3 Qh4 14. Kd2 Nxh1 15.
Qxh1 Bxd6 16. Rf1 Bb4 17. Nf2 d5 18. g3 Qh6+ 19. f4 d4 20. Ng4 Bxg4 21. e5 dxc3+
22. bxc3 Ba5 23. Re1 Nd7 24. h4 Nxe5 25. Kc2 Nxd3 26. Rxe8+ Rxe8 27. Kxd3 Qg7
28. Qc1 Bxc3 29. Qxc3 Re3+ 30. Kxe3 Qxc3+ 0-1

[Event "Let's Play Chess!"]
[Site "http://www.queenalice.com/game.php?id=986139"]
[Date "2011.9.16"]
[Round "-"]
[White "doendeazul"]
[Black "kingdave"]
[Result "0-1"]
[WhiteElo "1742"]
[BlackElo "2071"]

1. d4 d5 2. Nf3 Nf6 3. c4 c6 4. Nc3 e6 5. Qd3 dxc4 6. Qxc4 b5 7. Qd3 Nbd7 8. e4
b4 9. Na4 Qa5 10. b3 c5 11. dxc5 Nxc5 12. Nxc5 Bxc5 13. Qb5+ Qxb5 14. Bxb5+ Bd7
0-1

[Event "Let's Play Chess!"]
[Site "http://www.queenalice.com/game.php?id=986140"]
[Date "2011.9.16"]
[Round "-"]
[White "doendeazul"]
[Black "kingdave"]
[Result "0-1"]
[WhiteElo "1745"]
[BlackElo "2068"]

1. d4 Nf6 2. Nf3 g6 3. c4 Bg7 4. Nc3 O-O 5. e4 d6 6. Be2 e5 7. O-O Nbd7 8. Be3
c6 9. Qc2 h6 10. Rfd1 Qe7 11. h3 b6 12. Rd2 Rd8 13. Rad1 Bb7 14. Qc1 Nf8 0-1

[Event "Let's Play Chess!"]
[Site "http://www.queenalice.com/game.php?id=986141"]
[Date "2011.9.16"]
[Round "-"]
[White "doendeazul"]
[Black "Kingfish"]
[Result "0-1"]
[WhiteElo "1810"]
[BlackElo "1834"]

1. d4 g6 2. Nf3 Bg7 3. c4 d6 4. Nc3 Nf6 5. e4 O-O 6. Be2 Nc6 7. O-O e6 8. h3 Re8
9. Bg5 e5 10. dxe5 dxe5 11. Qxd8 Rxd8 12. Nd5 Nxe4 13. Bxd8 Nxd8 14. Nxc7 Rb8
15. Rfd1 Bf6 16. Nd5 Bg7 0-1

[Event "Let's Play Chess!"]
[Site "http://www.queenalice.com/game.php?id=986498"]
[Date "2011.9.18"]
[Round "-"]
[White "doendeazul"]
[Black "helderdinizcp"]
[Result "0-1"]
[WhiteElo "1768"]
[BlackElo "1585"]

1. d4 d5 2. Nf3 f5 3. Nc3 Nf6 4. Bf4 e6 5. e3 Nc6 6. Bb5 Bd6 7. Ne5 Bd7 8. Bxc6
Bxc6 9. O-O Qe7 10. Nxc6 bxc6 0-1

[Event "Let's Play Chess!"]
[Site "http://www.queenalice.com/game.php?id=986499"]
[Date "2011.9.18"]
[Round "-"]
[White "doendeazul"]
[Black "betogroo"]
[Result "0-1"]
[WhiteElo "1795"]
[BlackElo "1509"]

1. d4 Nf6 2. Nf3 g6 3. c4 d5 4. g3 Bf5 5. Bg2 Be4 6. O-O e6 7. Nc3 Ng4 8. Nxe4
Be7 9. Nc3 dxc4 10. h3 Nf6 0-1